[Event "Mittelfranken-chTB2a 1314"]
[Site "Mittelfranken"]
[Date "2014.03.30"]
[Round "8.4"]
[White "Diller, Peter"]
[Black "Vaas, Andreas"]
[Result "1-0"]
[WhiteElo "1959"]
[BlackElo "1761"]
[PlyCount "97"]
[EventDate "2013.10.20"]
[EventType "team-tourn"]
[EventRounds "9"]
[EventCountry "GER"]
[SourceTitle "EXT 2020"]
[Source "ChessBase"]
[SourceDate "2019.10.17"]
[SourceVersion "1"]
[SourceVersionDate "2019.10.17"]
[SourceQuality "1"]
[WhiteTeam "Rothenburg"]
[BlackTeam "Dinkelsbuehl Wassertruedingen"]
[WhiteTeamCountry "GER"]
[BlackTeamCountry "GER"]

1. e4 b6 2. f4 Bb7 3. Nc3 e6 4. Nf3 c5 5. d3 Nf6 6. Be2 d5 7. e5 Nfd7 8. 0-0 Be7 9. b3 0-0 10. Qe1 Nc6 11. Bd2 f6 12. Qg3 a6 13. Rae1 Qc7 14. Bd1 f5 15. h4 d4 16. Ne2 a5 17. Kf2 a4 18. Neg1 axb3 19. axb3 Ra2 20. Nh3 Rfa8 21. h5 Qd8 22. Nhg5 Nf8 23. Nh4 Bxg5 24. fxg5 Na5 25. Qf4 g6 26. g4 Qd7 27. Kg3 Nc6 28. Rf2 Ne7 29. gxf5 exf5 30. e6 Nxe6 31. Qe5 Bd5 32. Bf3 Bxf3 33. Nxf3 f4+ 34. Kh2 Nd5 35. Qxe6+ Qxe6 36. Rxe6 Rxc2 37. Ne5 gxh5 38. Kh3 Raa2 39. Nf3 Nb4 40. Rxb6 Nxd3 41. Re2 Ra8 42. Re7 Nf2+ 43. Kh4 Ng4 44. Kxh5 Ne3 45. Rbb7 Rb2 46. Rxh7 Rxb3 47. Rbg7+ Kf8 48. Rf7+ Ke8 49. Ne5 1-0

[Event "Mittelfranken-chTB2a 1314"]
[Site "Mittelfranken"]
[Date "2014.01.26"]
[Round "5.2"]
[White "Muenster, Erich"]
[Black "Vaas, Andreas"]
[Result "1/2-1/2"]
[WhiteElo "1964"]
[BlackElo "1761"]
[PlyCount "36"]
[EventDate "2013.10.20"]
[EventType "team-tourn"]
[EventRounds "9"]
[EventCountry "GER"]
[SourceTitle "EXT 2020"]
[Source "ChessBase"]
[SourceDate "2019.10.17"]
[SourceVersion "1"]
[SourceVersionDate "2019.10.17"]
[SourceQuality "1"]
[WhiteTeam "Heilsbronn"]
[BlackTeam "Dinkelsbuehl Wassertruedingen"]
[WhiteTeamCountry "GER"]
[BlackTeamCountry "GER"]

1. e4 d5 2. Nc3 d4 3. Nce2 e5 4. d3 Bg4 5. Nf3 Bd6 6. a3 c5 7. Ng3 Ne7 8. Be2 0-0 9. 0-0 Bd7 10. Nh4 Qc7 11. Bg4 Nbc6 12. Qf3 b5 13. Bf5 Ng6 14. Qh5 Qd8 15. Bg5 Be7 16. Nf3 a5 17. Rae1 a4 18. Bc1 Rb8 1/2-1/2